[Event "DVM U10 2020"]
[Site "Magdeburg GER"]
[Date "2021.08.06"]
[Round "1"]
[White "He, Saiqi"]
[Black "Limmer, Marco"]
[Result "0-1"]
[Termination "normal"]
[Board "3.1"]
[WhiteElo "1116"]
[BlackElo "1352"]
[WhiteClock "00:16:15"]
[BlackClock "00:03:51"]
[WhiteTeam "SchVgg Blankenese von 1923 e.V."]
[BlackTeam "TV Tegernsee"]
[PlyCount "84"]
[WhiteFideId "16292723"]
[BlackFideId "34603506"]
[EventCountry "GER"]
[EventRounds "7"]
[EventType "team-swiss"]
[EventDate "2021.08.06"]

{[%evp 0,78,29,17,33,37,36,14,-1,1,11,16,-6,-32,-64,-63,-75,-75,-85,-96,-62,
-62,-67,-123,-147,-143,-115,-174,-138,-130,-108,-111,-105,-131,-134,-134,-135,
-135,-135,-126,-133,-201,-187,-344,-345,-354,-354,-348,-351,-352,-398,-395,
-409,-441,-395,-396,-392,-397,-333,-359,-293,-291,-284,-294,-298,-307,-314,
-322,-323,-329,-346,-362,-358,-351,-153,-160,-126,-31,0,-105,-76]} 1. e4 {[%emt
0:00:01]} e6 {[%emt 0:00:05]} 2. d4 {[%emt 0:00:23]} d5 {[%emt 0:00:08]} 3. e5
{[%emt 0:00:26]} c5 {[%emt 0:00:10]} 4. c3 {[%emt 0:00:46]} Nc6 {[%emt
0:00:19]} 5. Nf3 {[%emt 0:00:27]} Qb6 {[%emt 0:00:44]} 6. b3 {[%emt 0:01:35]}
cxd4 {[%emt 0:01:13]} 7. cxd4 {[%emt 0:01:23]} Bb4+ {[%emt 0:00:47]} 8. Bd2
{[%emt 0:00:30]} Nxd4 {[%emt 0:01:05]} 9. Bd3 {[%emt 0:01:51]} Nxf3+ {[%emt
0:03:16]} 10. Qxf3 {[%emt 0:01:30]} Ne7 {[%emt 0:04:14]} 11. Bxb4 {[%emt
0:01:44]} Qxb4+ {[%emt 0:00:55]} 12. Nd2 {[%emt 0:00:17]} Bd7 {[%emt 0:03:52]}
13. Qe2 {[%emt 0:02:10]} O-O {[%emt 0:03:46]} 14. O-O {[%emt 0:00:48]} h6
{[%emt 0:01:35]} 15. a3 {[%emt 0:01:25]} Qb6 {[%emt 0:01:57]} 16. Bc2 {[%emt
0:04:08]} Bb5 {[%emt 0:01:16]} 17. Bd3 {[%emt 0:00:56]} Bxd3 {[%emt 0:00:59]}
18. Qxd3 {[%emt 0:00:56]} Nc6 {[%emt 0:01:11]} 19. Rfe1 {[%emt 0:03:07]} Qd4
{[%emt 0:00:59]} 20. Qxd4 {[%emt 0:03:05]} Nxd4 {[%emt 0:00:08]} 21. f4 {[%emt
0:00:25]} Nc2 {[%emt 0:00:55]} 22. Rac1 {[%emt 0:00:39]} Nxe1 {[%emt 0:00:23]}
23. Rxe1 {[%emt 0:00:43]} Rac8 {[%emt 0:01:02]} 24. Rb1 {[%emt 0:00:29]} Rc2
{[%emt 0:00:43]} 25. Nf3 {[%emt 0:00:22]} Rfc8 {[%emt 0:00:47]} 26. Nd4 {[%emt
0:00:59]} Rc1+ {[%emt 0:01:10]} 27. Rxc1 {[%emt 0:00:43]} Rxc1+ {[%emt
0:00:03]} 28. Kf2 {[%emt 0:00:05]} Rc3 {[%emt 0:00:35]} 29. Ke2 {[%emt
0:00:19]} a6 {[%emt 0:01:52]} 30. Kd2 {[%emt 0:00:34]} Rc7 {[%emt 0:00:15]} 31.
f5 {[%emt 0:01:06]} exf5 {[%emt 0:01:20]} 32. Nxf5 {[%emt 0:00:36]} Kh7 {[%emt
0:01:24]} 33. Kd3 {[%emt 0:00:36]} Kg6 {[%emt 0:01:28]} 34. g4 {[%emt 0:00:24]}
h5 {[%emt 0:00:42]} 35. h3 {[%emt 0:00:27]} hxg4 {[%emt 0:01:13]} 36. hxg4
{[%emt 0:00:18]} f6 {[%emt 0:01:11]} 37. e6 {[%emt 0:00:18]} b6 {[%emt
0:04:50]} 38. Kd4 {[%emt 0:00:28]} Rc5 {[%emt 0:04:03]} 39. b4 {[%emt 0:01:08]}
Rc4+ {[%emt 0:01:22]} 40. Kxd5 {[%emt 0:00:17]} Rxg4 {[%emt 0:00:20]} 41. Nd6
{[%emt 0:02:11]} Rg5+ {[%emt 0:00:55]} 42. Nf5 {[%emt 0:01:09]} Rxf5+ {[%emt
0:00:08]} 0-1

[Event "DVM U10 2020"]
[Site "Magdeburg GER"]
[Date "2021.08.06"]
[Round "1"]
[White "Franzky, Julian"]
[Black "Rosado de Nebendahl, Philippe"]
[Result "0-1"]
[Termination "normal"]
[Board "3.2"]
[WhiteElo "1266"]
[BlackElo "847"]
[WhiteClock "00:02:16"]
[BlackClock "00:31:34"]
[WhiteTeam "TV Tegernsee"]
[BlackTeam "SchVgg Blankenese von 1923 e.V."]
[PlyCount "114"]
[WhiteFideId "16291603"]
[BlackFideId "16292731"]
[EventCountry "GER"]
[EventRounds "7"]
[EventType "team-swiss"]
[EventDate "2021.08.06"]

{[%evp 0,80,30,17,17,11,11,11,10,16,21,6,3,4,-1,11,35,4,32,30,57,3,31,-5,7,-24,
-20,-20,-18,-24,-21,-20,-23,-52,-38,-124,-182,-197,-211,-228,-265,-232,-283,
-286,-279,-266,-173,-190,-74,-81,-40,-64,-22,-37,-35,-38,-32,-57,12,0,0,0,0,
-553,-589,-631,-600,-602,-645,-647,-647,-657,-660,-663,-624,-663,-660,-738,
-682,-708,-615,-632,-633]} 1. e4 {[%emt 0:00:01]} e5 {[%emt 0:00:03]} 2. Nf3
{[%emt 0:00:08]} Nc6 {[%emt 0:00:03]} 3. Bc4 {[%emt 0:00:09]} Nf6 {[%emt
0:00:35]} 4. Nc3 {[%emt 0:00:08]} Nxe4 {[%emt 0:00:10]} 5. Nxe4 {[%emt
0:00:12]} d5 {[%emt 0:00:06]} 6. Bd3 {[%emt 0:00:08]} dxe4 {[%emt 0:00:10]} 7.
Bxe4 {[%emt 0:00:12]} Bc5 {[%emt 0:00:10]} 8. d3 {[%emt 0:03:01]} Bg4 {[%emt
0:00:13]} 9. Be3 {[%emt 0:00:41]} Nd4 {[%emt 0:00:13]} 10. c3 {[%emt 0:02:25]}
Nxf3+ {[%emt 0:00:31]} 11. Bxf3 {[%emt 0:00:46]} Bxe3 {[%emt 0:00:10]} 12. fxe3
{[%emt 0:01:08]} Bxf3 {[%emt 0:00:18]} 13. gxf3 {[%emt 0:01:26]} O-O {[%emt
0:00:11]} 14. Qe2 {[%emt 0:01:34]} Qh4+ {[%emt 0:00:17]} 15. Kd2 {[%emt
0:01:17]} Rad8 {[%emt 0:00:29]} 16. Qg2 {[%emt 0:01:32]} Qc4 {[%emt 0:00:35]}
17. d4 {[%emt 0:02:11]} c5 {[%emt 0:00:12]} 18. Rhg1 {[%emt 0:02:53]} g6 {[%emt
0:00:13]} 19. b3 {[%emt 0:01:14]} Qa6 {[%emt 0:00:22]} 20. Qf2 {[%emt 0:02:30]}
exd4 {[%emt 0:00:26]} 21. exd4 {[%emt 0:01:24]} cxd4 {[%emt 0:00:20]} 22. cxd4
{[%emt 0:00:26]} Qa5+ {[%emt 0:00:55]} 23. Kc2 {[%emt 0:02:11]} Qc7+ {[%emt
0:00:59]} 24. Kb2 {[%emt 0:00:52]} Rc8 {[%emt 0:00:44]} 25. Rac1 {[%emt
0:01:30]} Qa5 {[%emt 0:00:41]} 26. Rge1 {[%emt 0:07:36]} Rxc1 {[%emt 0:01:00]}
27. Rxc1 {[%emt 0:00:19]} Qg5 {[%emt 0:00:28]} 28. Rc7 {[%emt 0:01:27]} Qb5
{[%emt 0:00:49]} 29. Qc2 {[%emt 0:02:15]} Re8 {[%emt 0:00:20]} 30. Qc4 {[%emt
0:05:28]} Re2+ {[%emt 0:00:21]} 31. Kb1 {[%emt 0:00:42]} Qf5+ {[%emt 0:00:11]}
32. Kc1 {[%emt 0:01:41]} Qg5+ {[%emt 0:01:19]} 33. Kb1 {[%emt 0:01:05]} Qg1+
{[%emt 0:00:27]} 34. Qc1 {[%emt 0:00:31]} Re1 {[%emt 0:00:07]} 35. Qxe1 {[%emt
0:00:54]} Qxe1+ {[%emt 0:00:11]} 36. Kb2 {[%emt 0:00:32]} Qb4 {[%emt 0:00:18]}
37. Rc4 {[%emt 0:00:44]} Qd2+ {[%emt 0:00:32]} 38. Ka3 {[%emt 0:00:27]} b5
{[%emt 0:00:15]} 39. Rc5 {[%emt 0:00:45]} b4+ {[%emt 0:00:36]} 40. Ka4 {[%emt
0:00:23]} Qxd4 {[%emt 0:00:30]} 41. Rc4 {[%emt 0:00:38]} Qc3 {[%emt 0:00:40]}
42. f4 {[%emt 0:01:22]} Qb2 {[%emt 0:00:32]} 43. Rxb4 {[%emt 0:01:10]} Qxa2+
{[%emt 0:00:23]} 44. Kb5 {[%emt 0:00:12]} a6+ {[%emt 0:00:16]} 45. Kc4 {[%emt
0:00:10]} Qc2+ {[%emt 0:00:12]} 46. Kd5 {[%emt 0:00:37]} a5 {[%emt 0:00:42]}
47. Rd4 {[%emt 0:01:08]} Qxb3+ {[%emt 0:00:11]} 48. Ke5 {[%emt 0:00:20]} f6+
{[%emt 0:00:14]} 49. Kxf6 {[%emt 0:00:18]} Qc3 {[%emt 0:00:08]} 50. Ke5 {[%emt
0:00:06]} a4 {[%emt 0:00:11]} 51. Ke4 {[%emt 0:00:18]} a3 {[%emt 0:00:56]} 52.
Rd3 {[%emt 0:00:21]} Qxd3+ {[%emt 0:00:15]} 53. Kxd3 {[%emt 0:00:04]} a2 {[%emt
0:00:14]} 54. Kc2 a1=Q {[%emt 0:00:16]} 55. h4 {[%emt 0:00:11]} Qa4+ {[%emt
0:00:25]} 56. Kd3 {[%emt 0:00:05]} Qxf4 {[%emt 0:00:10]} 57. h5 {[%emt
0:00:10]} gxh5 {[%emt 0:00:06]} 0-1

[Event "DVM U10 2020"]
[Site "Magdeburg GER"]
[Date "2021.08.06"]
[Round "1"]
[White "Ueberholz, Lasse"]
[Black "Greive, Jakob"]
[Result "0-1"]
[Termination "normal"]
[Board "3.3"]
[WhiteElo "995"]
[BlackElo "1304"]
[WhiteClock "00:40:16"]
[BlackClock "00:08:03"]
[WhiteTeam "SchVgg Blankenese von 1923 e.V."]
[BlackTeam "TV Tegernsee"]
[PlyCount "120"]
[WhiteFideId "16286766"]
[BlackFideId "34603476"]
[EventCountry "GER"]
[EventRounds "7"]
[EventType "team-swiss"]
[EventDate "2021.08.06"]

{[%evp 0,88,24,24,20,22,17,15,23,7,18,47,47,66,48,32,37,10,7,0,35,27,39,48,69,
64,90,42,102,37,126,97,131,122,127,96,94,61,128,137,163,-53,-57,-73,-3,14,0,
-17,34,32,25,18,16,-33,22,-30,-20,-84,-33,-81,-90,-123,-89,-100,-107,-114,-115,
-108,-112,-127,-118,-106,-83,-114,-108,-119,-132,-128,-167,-204,-220,-222,-221,
-262,-255,-277,-284,-371,-368,-375,-418]} 1. e4 e5 {[%emt 0:00:10]} 2. Nf3
{[%emt 0:00:03]} Nc6 {[%emt 0:00:13]} 3. Nc3 {[%emt 0:00:06]} Nf6 {[%emt
0:00:23]} 4. Be2 {[%emt 0:00:08]} Bc5 {[%emt 0:01:23]} 5. Nxe5 {[%emt 0:00:10]}
Nxe5 {[%emt 0:00:50]} 6. d4 {[%emt 0:00:08]} Bd6 {[%emt 0:01:05]} 7. dxe5
{[%emt 0:00:17]} Bxe5 {[%emt 0:00:11]} 8. Bg5 {[%emt 0:00:11]} h6 {[%emt
0:01:01]} 9. Bh4 {[%emt 0:00:11]} Bxc3+ {[%emt 0:03:20]} 10. bxc3 {[%emt
0:00:13]} g5 {[%emt 0:03:22]} 11. Bg3 {[%emt 0:00:18]} d6 {[%emt 0:05:26]} 12.
O-O {[%emt 0:00:27]} h5 {[%emt 0:01:24]} 13. h3 {[%emt 0:00:19]} Be6 {[%emt
0:01:41]} 14. e5 {[%emt 0:00:17]} dxe5 {[%emt 0:00:29]} 15. Qxd8+ {[%emt
0:00:09]} Rxd8 {[%emt 0:00:21]} 16. Bxe5 {[%emt 0:00:25]} Ke7 {[%emt 0:00:44]}
17. Rab1 {[%emt 0:01:04]} b6 {[%emt 0:01:59]} 18. Bxc7 {[%emt 0:00:39]} Rc8
{[%emt 0:00:37]} 19. Be5 {[%emt 0:00:37]} Rc5 {[%emt 0:02:20]} 20. Bxf6+ {[%emt
0:00:37]} Kxf6 {[%emt 0:00:23]} 21. f4 {[%emt 0:00:40]} Rxc3 {[%emt 0:00:54]}
22. fxg5+ {[%emt 0:00:09]} Kxg5 {[%emt 0:00:31]} 23. Rb5+ {[%emt 0:00:19]} Kg6
{[%emt 0:01:23]} 24. Bd3+ {[%emt 0:01:06]} Kg7 {[%emt 0:00:42]} 25. Rg5+ {[%emt
0:01:20]} Kf8 {[%emt 0:00:55]} 26. Bf5 {[%emt 0:01:05]} Bxf5 {[%emt 0:00:47]}
27. Rfxf5 {[%emt 0:00:12]} Rxc2 {[%emt 0:00:51]} 28. Rd5 {[%emt 0:00:49]} Rh7
{[%emt 0:01:28]} 29. Rd8+ {[%emt 0:01:12]} Ke7 {[%emt 0:01:13]} 30. Rdd5 {[%emt
0:00:25]} Rh6 {[%emt 0:01:57]} 31. Rge5+ {[%emt 0:00:16]} Re6 {[%emt 0:00:29]}
32. Rxe6+ {[%emt 0:00:22]} Kxe6 {[%emt 0:00:23]} 33. Rxh5 {[%emt 0:00:08]} Rxa2
{[%emt 0:00:25]} 34. h4 {[%emt 0:00:25]} Ra5 {[%emt 0:00:28]} 35. Rh8 {[%emt
0:00:51]} Kf6 {[%emt 0:00:39]} 36. Rg8 {[%emt 0:00:07]} Rh5 {[%emt 0:00:36]}
37. Ra8 {[%emt 0:00:35]} a5 {[%emt 0:00:41]} 38. Ra6 {[%emt 0:00:07]} Rb5
{[%emt 0:00:45]} 39. g4 {[%emt 0:00:18]} Kg6 {[%emt 0:00:34]} 40. Kg2 {[%emt
0:00:19]} f5 {[%emt 0:00:18]} 41. Kh3 Rb3+ {[%emt 0:00:43]} 42. Kh2 {[%emt
0:00:19]} fxg4 {[%emt 0:00:08]} 43. Kg2 {[%emt 0:00:08]} Kh5 {[%emt 0:00:29]}
44. Ra8 {[%emt 0:00:34]} Kxh4 {[%emt 0:00:09]} 45. Rh8+ {[%emt 0:00:07]} Kg5
{[%emt 0:00:12]} 46. Rg8+ {[%emt 0:00:12]} Kf4 {[%emt 0:00:07]} 47. Rf8+ {[%emt
0:00:13]} Ke3 {[%emt 0:00:09]} 48. Kg3 {[%emt 0:00:14]} Kd2+ {[%emt 0:00:19]}
49. Kxg4 {[%emt 0:00:12]} a4 {[%emt 0:00:14]} 50. Rf2+ {[%emt 0:00:09]} Kc1
{[%emt 0:00:17]} 51. Rf1+ {[%emt 0:00:15]} Kc2 {[%emt 0:00:16]} 52. Kf4 {[%emt
0:00:20]} a3 {[%emt 0:00:14]} 53. Ke4 {[%emt 0:00:17]} Rb4+ {[%emt 0:00:20]}
54. Ke3 {[%emt 0:00:10]} Ra4 {[%emt 0:00:21]} 55. Rf2+ {[%emt 0:00:13]} Kc3
{[%emt 0:00:11]} 56. Rf1 {[%emt 0:00:21]} a2 {[%emt 0:00:15]} 57. Rc1+ {[%emt
0:00:08]} Kb4 {[%emt 0:00:10]} 58. Kd3 {[%emt 0:00:42]} a1=Q {[%emt 0:00:16]}
59. Rc4+ {[%emt 0:00:08]} Kb3 {[%emt 0:00:14]} 60. Rc2 {[%emt 0:00:36]} Rd4+
{[%emt 0:00:23]} 0-1

[Event "DVM U10 2020"]
[Site "Magdeburg GER"]
[Date "2021.08.06"]
[Round "1"]
[White "Wagner, Cosima"]
[Black "Steiner, Erik"]
[Result "1-0"]
[Termination "normal"]
[Board "3.4"]
[WhiteElo "970"]
[BlackElo "1012"]
[WhiteClock "00:18:01"]
[BlackClock "00:19:39"]
[WhiteTeam "TV Tegernsee"]
[BlackTeam "SchVgg Blankenese von 1923 e.V."]
[PlyCount "73"]
[WhiteFideId "34603484"]
[BlackFideId "16292715"]
[EventCountry "GER"]
[EventRounds "7"]
[EventType "team-swiss"]
[EventDate "2021.08.06"]

{[%evp 0,44,25,11,11,12,12,10,16,4,-6,-13,-13,8,31,41,51,51,230,215,318,283,
266,248,1415,1311,1496,1686,1914,1979,29985,29986,29991,1547,1547,1371,1339,
856,883,606,760,541,554,550,780,819,1241]} 1. e4 {[%emt 0:00:05]} e5 {[%emt
0:00:08]} 2. Nf3 {[%emt 0:00:08]} Nc6 {[%emt 0:00:11]} 3. Bc4 {[%emt 0:00:07]}
Bc5 {[%emt 0:00:20]} 4. c3 {[%emt 0:00:09]} Nf6 {[%emt 0:00:20]} 5. d4 {[%emt
0:00:08]} exd4 {[%emt 0:00:18]} 6. O-O {[%emt 0:00:37]} dxc3 {[%emt 0:00:36]}
7. e5 {[%emt 0:00:19]} cxb2 {[%emt 0:00:27]} 8. Bxb2 {[%emt 0:00:18]} Ne4
{[%emt 0:01:47]} 9. Qd5 {[%emt 0:01:35]} O-O {[%emt 0:01:46]} 10. Qxe4 {[%emt
0:00:25]} d6 {[%emt 0:01:58]} 11. Bd3 {[%emt 0:03:42]} f5 {[%emt 0:00:57]} 12.
exf6 {[%emt 0:01:40]} g6 {[%emt 0:01:00]} 13. Bc4+ {[%emt 0:01:02]} Rf7 {[%emt
0:02:05]} 14. Bxf7+ {[%emt 0:01:19]} Kxf7 {[%emt 0:00:09]} 15. Ng5+ {[%emt
0:00:32]} Kg8 {[%emt 0:04:47]} 16. f7+ {[%emt 0:00:54]} Kf8 {[%emt 0:00:56]}
17. Nxh7+ {[%emt 0:00:24]} Kxf7 {[%emt 0:00:35]} 18. Qf4+ {[%emt 0:01:17]} Bf5
{[%emt 0:00:40]} 19. Ng5+ {[%emt 0:01:02]} Ke7 {[%emt 0:02:49]} 20. Re1+ {[%emt
0:02:14]} Kd7 {[%emt 0:00:36]} 21. Nc3 {[%emt 0:12:45]} Nd4 {[%emt 0:03:37]}
22. Rad1 {[%emt 0:01:29]} Ne6 {[%emt 0:00:37]} 23. Nxe6 {[%emt 0:00:25]} Bxe6
{[%emt 0:00:29]} 24. Nd5 {[%emt 0:00:38]} Qf8 {[%emt 0:02:25]} 25. Qxf8 {[%emt
0:02:46]} Rxf8 {[%emt 0:00:19]} 26. Nf6+ {[%emt 0:00:14]} Ke7 {[%emt 0:01:11]}
27. Re2 {[%emt 0:00:24]} Kf7 {[%emt 0:00:27]} 28. Rde1 {[%emt 0:00:37]} d5
{[%emt 0:01:46]} 29. Rxe6 {[%emt 0:00:24]} Kg7 {[%emt 0:00:20]} 30. Nd7+ {[%emt
0:00:23]} Kf7 {[%emt 0:01:18]} 31. Nxf8 {[%emt 0:01:31]} Bxf8 {[%emt 0:00:39]}
32. Rf6+ {[%emt 0:00:15]} Kg7 {[%emt 0:00:25]} 33. Rc6+ {[%emt 0:00:18]} Kh6
{[%emt 0:00:25]} 34. Rxc7 {[%emt 0:00:23]} Bb4 {[%emt 0:00:45]} 35. Bc1+ {[%emt
0:00:12]} g5 {[%emt 0:00:11]} 36. Re6+ {[%emt 0:00:09]} Kh5 {[%emt 0:00:20]}
37. Rh7+ {[%emt 0:00:07]} 1-0

[Event "DVM U10 2020"]
[Site "Magdeburg GER"]
[Date "2021.08.06"]
[Round "1"]
[White "Malinowsky, Levi"]
[Black "Kommessin, Felix"]
[Result "1-0"]
[Termination "normal"]
[Board "4.1"]
[WhiteElo "1593"]
[BlackElo "1322"]
[WhiteClock "00:21:24"]
[BlackClock "00:20:58"]
[WhiteTeam "SK Doppelbauer Kiel"]
[BlackTeam "Schachfreunde Brackel 1930 e. V."]
[PlyCount "73"]
[WhiteFideId "16253094"]
[BlackFideId "16294661"]
[EventCountry "GER"]
[EventRounds "7"]
[EventType "team-swiss"]
[EventDate "2021.08.06"]

{[%evp 0,67,30,12,12,12,12,12,28,25,28,31,32,39,39,23,-3,3,37,27,34,61,60,18,
60,26,17,39,159,175,238,244,236,215,215,214,274,257,289,298,300,308,346,356,
376,358,352,354,386,368,372,369,386,389,381,361,388,364,393,390,408,411,431,
435,530,555,696,744,922,1041]} 1. e4 {[%emt 0:00:04]} e5 {[%emt 0:00:04]} 2.
Nf3 {[%emt 0:00:16]} Nc6 {[%emt 0:00:08]} 3. Bb5 {[%emt 0:00:24]} a6 {[%emt
0:00:32]} 4. Bxc6 {[%emt 0:00:46]} dxc6 {[%emt 0:00:20]} 5. O-O {[%emt
0:00:41]} Bg4 {[%emt 0:00:14]} 6. h3 {[%emt 0:00:53]} Bh5 {[%emt 0:00:19]} 7.
g4 {[%emt 0:01:24]} Bg6 {[%emt 0:00:42]} 8. Nxe5 {[%emt 0:01:09]} Bd6 {[%emt
0:01:22]} 9. Nxg6 {[%emt 0:01:31]} hxg6 {[%emt 0:01:09]} 10. Qf3 {[%emt
0:01:25]} Qh4 {[%emt 0:03:41]} 11. Kg2 {[%emt 0:01:17]} O-O-O {[%emt 0:02:35]}
12. d3 {[%emt 0:02:24]} f5 {[%emt 0:02:18]} 13. gxf5 {[%emt 0:04:30]} g5 {[%emt
0:02:42]} 14. Qg4 {[%emt 0:03:37]} Nf6 {[%emt 0:03:04]} 15. Qxh4 {[%emt
0:01:20]} gxh4 {[%emt 0:00:20]} 16. Bg5 {[%emt 0:03:42]} Rh5 {[%emt 0:01:35]}
17. Be3 {[%emt 0:01:48]} Be5 {[%emt 0:01:43]} 18. Nc3 {[%emt 0:01:17]} Bd4
{[%emt 0:00:56]} 19. Bxd4 {[%emt 0:00:30]} Rxd4 {[%emt 0:00:13]} 20. Kf3 {[%emt
0:01:10]} Rh6 {[%emt 0:03:20]} 21. Rg1 {[%emt 0:01:00]} Rh7 {[%emt 0:01:22]}
22. Ne2 {[%emt 0:01:18]} Rd7 {[%emt 0:01:02]} 23. Nf4 {[%emt 0:00:34]} Nh5
{[%emt 0:01:32]} 24. Nxh5 {[%emt 0:00:15]} Rxh5 {[%emt 0:00:10]} 25. Rg4 {[%emt
0:00:17]} Rf7 {[%emt 0:01:00]} 26. Rag1 {[%emt 0:00:13]} Rh7 {[%emt 0:00:20]}
27. Rf4 {[%emt 0:00:35]} b5 {[%emt 0:01:13]} 28. Rgg4 {[%emt 0:00:21]} a5
{[%emt 0:00:53]} 29. Rxh4 {[%emt 0:00:16]} Rxh4 {[%emt 0:00:12]} 30. Rxh4
{[%emt 0:00:07]} b4 {[%emt 0:00:14]} 31. Rh8+ {[%emt 0:00:18]} Kb7 {[%emt
0:00:09]} 32. Kf4 {[%emt 0:00:15]} c5 {[%emt 0:00:26]} 33. e5 {[%emt 0:00:07]}
g6 {[%emt 0:00:17]} 34. f6 {[%emt 0:00:07]} Kc6 {[%emt 0:00:14]} 35. Kg5 {[%emt
0:00:32]} Kd7 {[%emt 0:00:45]} 36. Kxg6 {[%emt 0:00:10]} Ke6 {[%emt 0:00:03]}
37. Re8+ {[%emt 0:00:11]} 1-0

[Event "DVM U10 2020"]
[Site "Magdeburg GER"]
[Date "2021.08.06"]
[Round "1"]
[White "Böing, Oskar"]
[Black "Farokhi, Darian"]
[Result "0-1"]
[Termination "normal"]
[Board "4.2"]
[WhiteElo "969"]
[BlackElo "1182"]
[WhiteClock "00:26:06"]
[BlackClock "00:19:21"]
[WhiteTeam "Schachfreunde Brackel 1930 e. V."]
[BlackTeam "SK Doppelbauer Kiel"]
[PlyCount "104"]
[WhiteFideId "16285654"]
[BlackFideId "16253108"]
[EventCountry "GER"]
[EventRounds "7"]
[EventType "team-swiss"]
[EventDate "2021.08.06"]

{[%evp 0,70,30,12,12,22,22,11,46,16,16,3,7,-31,-26,-103,-21,-21,-7,-30,27,-25,
7,-130,-131,-141,-133,-132,-108,-158,-159,-218,-249,-269,-176,-188,-227,-338,
-454,-402,-76,-82,-67,-75,-74,-90,-65,-72,-63,-123,-114,-117,-105,-114,-117,
-104,-89,-95,-101,-100,-99,-103,-110,-123,-135,-134,-137,-145,-144,-263,-216,
-293,-315]} 1. e4 e5 {[%emt 0:00:07]} 2. Nf3 {[%emt 0:00:09]} Nc6 {[%emt
0:00:12]} 3. Nc3 {[%emt 0:00:18]} Bc5 {[%emt 0:00:32]} 4. Bc4 {[%emt 0:00:48]}
Nf6 {[%emt 0:00:25]} 5. O-O {[%emt 0:00:32]} d6 {[%emt 0:00:12]} 6. Ng5 {[%emt
0:00:39]} O-O {[%emt 0:00:17]} 7. d3 {[%emt 0:00:19]} h6 {[%emt 0:00:08]} 8.
Nf3 {[%emt 0:00:18]} Bg4 {[%emt 0:00:22]} 9. h3 {[%emt 0:00:34]} Bh5 {[%emt
0:00:10]} 10. Nd5 {[%emt 0:00:48]} Nd4 {[%emt 0:00:19]} 11. Be3 {[%emt
0:01:09]} Nxf3+ {[%emt 0:01:52]} 12. gxf3 {[%emt 0:00:21]} Nxd5 {[%emt
0:01:20]} 13. Bxd5 {[%emt 0:00:20]} c6 {[%emt 0:01:51]} 14. Bc4 {[%emt
0:01:05]} Bb6 {[%emt 0:01:45]} 15. Bd2 {[%emt 0:00:23]} Kh8 {[%emt 0:03:02]}
16. Kh2 {[%emt 0:01:22]} Qh4 {[%emt 0:00:13]} 17. Qe2 {[%emt 0:01:32]} f5
{[%emt 0:00:32]} 18. exf5 {[%emt 0:00:56]} Rxf5 {[%emt 0:00:08]} 19. Qe4 {[%emt
0:00:26]} Qxe4 {[%emt 0:01:03]} 20. fxe4 {[%emt 0:00:36]} Rxf2+ {[%emt
0:00:35]} 21. Rxf2 {[%emt 0:00:31]} Bxf2 {[%emt 0:00:09]} 22. Bb4 {[%emt
0:00:48]} c5 {[%emt 0:01:12]} 23. Ba5 {[%emt 0:00:27]} b6 {[%emt 0:00:24]} 24.
Bd2 {[%emt 0:00:52]} Rf8 {[%emt 0:00:38]} 25. Rf1 {[%emt 0:00:45]} Bg3+ {[%emt
0:02:41]} 26. Kg2 {[%emt 0:00:15]} Rxf1 {[%emt 0:01:12]} 27. Kxf1 {[%emt
0:00:09]} Bf3 {[%emt 0:03:15]} 28. b4 {[%emt 0:00:19]} g5 {[%emt 0:06:07]} 29.
bxc5 {[%emt 0:00:38]} dxc5 {[%emt 0:00:06]} 30. Be6 {[%emt 0:00:45]} Bf4 {[%emt
0:01:18]} 31. Kf2 {[%emt 0:00:56]} Bd1 {[%emt 0:00:46]} 32. Bxf4 {[%emt
0:00:21]} gxf4 {[%emt 0:00:11]} 33. Bb3 {[%emt 0:00:24]} Kg7 {[%emt 0:00:57]}
34. h4 {[%emt 0:00:58]} Kg6 {[%emt 0:00:26]} 35. Kg2 {[%emt 0:00:15]} Kh5
{[%emt 0:01:00]} 36. Kh3 {[%emt 0:00:17]} Bg4+ {[%emt 0:00:19]} 37. Kh2 {[%emt
0:00:22]} Kxh4 {[%emt 0:00:13]} 38. c3 {[%emt 0:00:29]} h5 {[%emt 0:01:48]} 39.
d4 {[%emt 0:00:18]} cxd4 {[%emt 0:00:24]} 40. cxd4 {[%emt 0:00:14]} exd4 {[%emt
0:00:08]} 41. e5 {[%emt 0:00:53]} Kg5 {[%emt 0:00:09]} 42. e6 {[%emt 0:00:12]}
Kf6 {[%emt 0:00:05]} 43. a3 {[%emt 0:00:18]} Bxe6 {[%emt 0:00:10]} 44. Bxe6
{[%emt 0:01:29]} Kxe6 {[%emt 0:00:07]} 45. a4 {[%emt 0:00:21]} d3 {[%emt
0:00:06]} 46. a5 {[%emt 0:00:11]} bxa5 {[%emt 0:00:05]} 47. Kg2 {[%emt
0:01:03]} d2 {[%emt 0:00:10]} 48. Kh3 {[%emt 0:00:21]} d1=Q {[%emt 0:00:37]}
49. Kh4 {[%emt 0:00:36]} Kf5 {[%emt 0:00:26]} 50. Kh3 {[%emt 0:02:21]} f3
{[%emt 0:00:22]} 51. Kg3 {[%emt 0:01:26]} h4+ {[%emt 0:00:21]} 52. Kh3 {[%emt
0:01:00]} Qh1# {[%emt 0:00:16]} 0-1

[Event "DVM U10 2020"]
[Site "Magdeburg GER"]
[Date "2021.08.06"]
[Round "1"]
[White "Rempe, Lennik"]
[Black "Draxler, Henning"]
[Result "1-0"]
[Termination "normal"]
[Board "4.3"]
[WhiteElo "1086"]
[BlackElo "826"]
[WhiteClock "00:34:57"]
[BlackClock "00:40:53"]
[WhiteTeam "SK Doppelbauer Kiel"]
[BlackTeam "Schachfreunde Brackel 1930 e. V."]
[PlyCount "35"]
[WhiteFideId "16248031"]
[BlackFideId "34634037"]
[EventCountry "GER"]
[EventRounds "7"]
[EventType "team-swiss"]
[EventDate "2021.08.06"]

{[%evp 0,35,30,12,12,22,22,11,5,5,31,34,97,97,81,92,84,84,133,123,159,159,143,
114,169,169,600,601,613,603,603,577,608,580,674,641,29999,-30000]} 1. e4 {[%emt
0:00:11]} e5 {[%emt 0:00:08]} 2. Nf3 {[%emt 0:00:02]} Nc6 {[%emt 0:00:12]} 3.
Nc3 {[%emt 0:00:10]} Nf6 {[%emt 0:00:11]} 4. Bb5 {[%emt 0:00:07]} a6 {[%emt
0:00:19]} 5. Bxc6 {[%emt 0:00:09]} bxc6 {[%emt 0:00:17]} 6. Nxe5 {[%emt
0:00:12]} Qe7 {[%emt 0:00:26]} 7. Nf3 {[%emt 0:00:48]} Nxe4 {[%emt 0:00:19]} 8.
O-O {[%emt 0:00:19]} Nxc3 {[%emt 0:00:26]} 9. dxc3 {[%emt 0:00:09]} Qd8 {[%emt
0:00:24]} 10. Re1+ {[%emt 0:01:47]} Be7 {[%emt 0:00:13]} 11. Qe2 {[%emt
0:00:27]} d5 {[%emt 0:00:27]} 12. Nd4 {[%emt 0:02:59]} c5 {[%emt 0:01:23]} 13.
Nc6 {[%emt 0:00:17]} Qd7 {[%emt 0:01:43]} 14. Nxe7 {[%emt 0:00:31]} Kf8 {[%emt
0:01:33]} 15. Nxd5 {[%emt 0:02:06]} Bb7 {[%emt 0:03:17]} 16. Nf4 {[%emt
0:06:23]} g6 {[%emt 0:02:36]} 17. Qe5 {[%emt 0:04:47]} Re8 {[%emt 0:01:35]} 18.
Qxh8# {[%emt 0:00:13]} 1-0